| 000 | 01626nam a2200205Ia 4500 | ||
|---|---|---|---|
| 003 | Ost | ||
| 005 | 20260507075731.0 | ||
| 008 | 260507s9999||||xx |||||||||||||| ||und|| | ||
| 040 | _cfsecg | ||
| 041 | _aara | ||
| 082 | _a658.8 | ||
| 100 |
_aابو بكر، مصطفى محمود _eمؤلف |
||
| 245 | 0 |
_aمدخل استراتيجي تطبيقي في : _bادارة التسويق والمنشآت المعاصرة / _c مصطفى محمود ابو بكر |
|
| 260 |
_aالاسكندرية: _bالدار الجامعية, _c2004 |
||
| 300 |
_a535 صفحة؛ _c24 سم |
||
| 520 | _aهذا الكتاب يتناول الحقائق التي يغفلها البعض عن مهنة التسويق وذلك من خلال الفصول التالية مدخل استراتيجي تطبيقي في ادارة التسويق في المنشآت المعاصرة، الاسس والقواعد المهنية لنشاط التسويق والبيع، جوهر ونطاق وظيفة التسويق والبيع، قرار العمكيل بالشراء وأركان وظيفة التسويق والبيع دراسة البيئة والتخطيط الاستراتيجي لوظيفة التسويق والبيع، تسويق الخدامت بالتطبيق عاى نشاط السياحة ، البيع الشخصي وإدارة افراد البيع الشخصي ، وظيفة التسويق والتجارة الالكترونية عبر الانترنت، قياس وتقييم كفاءة وفعالية نشاط التسويق والبيع | ||
| 653 | _aادارة المبيعات | ||
| 653 | _aالتسويق | ||
| 942 | _cكتاب | ||
| 999 |
_c46036 _d46036 |
||